Review in Community Medicine (Record no. 42081)

MARC details
000 -LEADER
fixed length control field 00347pam a2200145 a 4500
020 ## - INTERNATIONAL STANDARD BOOK NUMBER
Terms of availability
041 ## - LANGUAGE CODE
Language code of original
082 ## - DEWEY DECIMAL CLASSIFICATION NUMBER
Classification number 617.601
Item number BAB
100 ## - MAIN ENTRY--PERSONAL NAME
Personal name Babu ,
Relator term V.V.R.,
245 ## - TITLE STATEMENT
Title Review in Community Medicine
Medium Textual Documents
250 ## - EDITION STATEMENT
Edition statement 2nd.
260 ## - PUBLICATION, DISTRIBUTION, ETC.
Place of publication, distribution, etc. [s.l]:
Name of publisher, distributor, etc. Vaishanvi offset Printers,
Date of publication, distribution, etc. 1996.
300 ## - PHYSICAL DESCRIPTION
Extent 447:
Dimensions 24.5*18.5.
930 ## - EQUIVALENCE OR CROSS-REFERENCE-UNIFORM TITLE HEADING [LOCAL, CANADA]
Uniform title 2694
Holdings
Withdrawn status Lost status Damaged status Not for loan Collection Home library Current library Date acquired Source of acquisition Total Checkouts Full call number Barcode Date last seen Copy number Price effective from Koha item type
          Dental College & Hospital, Pune Dental College & Hospital, Pune 03/08/2011 B.V.D.C   617.601 BAB DCP-D851 24/02/2023 1 24/02/2023 Book